000 01204nam a2200289 i 4500
001 42548
003 ES-MaACL
005 20230906160632.0
007 t|
008 030407s2002 sp ||||1| spa d
020 _a84-7820-651-5
080 _a7.033.3(460.22)
100 1 _aLópez Landa, José María.
_973721
245 1 0 _aEstudios de arte mudéjar aragonés /
_cJosé María López Landa, Francisco Íñiguez Almech, Leopoldo Torres Balbás ; edición facsímil al cuidado de Gonzalo M. Borrás Gualis.
260 _aZaragoza :
_bInstitución "Fernando el Católico",
_c2002.
300 _a239 p. :
_bil., planos ;
_c24 cm.
490 1 _aPublicación de la Institución Fernando el Católico ;
_v2271
500 _aReprod. de distintos artículos publicados entre 1923 y 1956.
650 4 _aArte mudéjar-
_zAragón.
_910249
700 1 _aIñiguez Almech, Francisco.
_965371
700 1 _aTorres Balbás, Leopoldo.
_9110926
700 1 _aBorrás Gualis, Gonzalo M.
_930560
710 2 _aInstitución "Fernando el Católico"
_94721
830 1 0 _aPublicación ... de la Institución Fernando el Católico
_v2271
_9233871
852 _aES-MaACL
_jL-26153
999 _c42548
_d42548